Southville International School and Colleges
Your cart is empty.
  • Cart
  • Lists
    Public lists Eva Luna New books Lux_list list_1
    Your lists Log in to create your own lists
  • Log in to your account
  • Your cookies
  • Search history
Southville International School and Colleges
  • Advanced search
  • Recent comments
  • Most popular
  • Libraries

Log in to your account

Log in with GOOGLE


If you do not have an external account, but do have a local account, you can still log in:

  1. Home
  2. MARC view: High-resolution radiographs of the hand:
Normal view MARC view ISBD view

High-resolution radiographs of the hand: (Record no. 13970)

[ view plain ]
MARC details
000 -LEADER
fixed length control field 01562cam a2200433Ia 4500
001 - CONTROL NUMBER
control field 401668097
003 - CONTROL NUMBER IDENTIFIER
control field OSt
005 - DATE AND TIME OF LATEST TRANSACTION
control field 20140310182516.0
006 - FIXED-LENGTH DATA ELEMENTS--ADDITIONAL MATERIAL CHARACTERISTICS--GENERAL INFORMATION
fixed length control field m d
007 - PHYSICAL DESCRIPTION FIXED FIELD--GENERAL INFORMATION
fixed length control field cr cnu||||||||
008 - FIXED-LENGTH DATA ELEMENTS--GENERAL INFORMATION
fixed length control field 090617s2009 gw a sb 001 0 eng d
020 ## - INTERNATIONAL STANDARD BOOK NUMBER
International Standard Book Number 9783540794790
020 ## - INTERNATIONAL STANDARD BOOK NUMBER
International Standard Book Number 3540794794
020 ## - INTERNATIONAL STANDARD BOOK NUMBER
International Standard Book Number 9783540794806 (ebook)
020 ## - INTERNATIONAL STANDARD BOOK NUMBER
International Standard Book Number 3540794808 (ebook)
035 ## - SYSTEM CONTROL NUMBER
System control number (OCoLC)401668097
040 ## - CATALOGING SOURCE
Original cataloging agency N$T
Language of cataloging eng
Transcribing agency N$T
Modifying agency OCLCQ
-- HNK
049 ## - LOCAL HOLDINGS (OCLC)
Holding library HNKA
050 #4 - LIBRARY OF CONGRESS CALL NUMBER
Classification number RC 920
Item number .G942 2009
082 04 - DEWEY DECIMAL CLASSIFICATION NUMBER
Classification number 617.575/07/572
100 1# - MAIN ENTRY--PERSONAL NAME
Personal name Guglielmi, G.
Fuller form of name (Giuseppe),
Dates associated with a name 1957-
9 (RLIN) 9202
245 10 - TITLE STATEMENT
Title High-resolution radiographs of the hand:
Medium [electronic resource] /
Statement of responsibility, etc Giuseppe Guglielmi, Wilfred C.G. Peh, Mario Cammisa.
260 ## - PUBLICATION, DISTRIBUTION, ETC. (IMPRINT)
Place of publication, distribution, etc Berlin :
Name of publisher, distributor, etc Springer,
Date of publication, distribution, etc c2009.
300 ## - PHYSICAL DESCRIPTION
Extent 175 p. :
Other physical details ill. ;
500 ## - GENERAL NOTE
General note Description based on print version record.
504 ## - BIBLIOGRAPHY, ETC. NOTE
Bibliography, etc Includes bibliographical references (p. 169) and index.
650 #0 - SUBJECT ADDED ENTRY--TOPICAL TERM
Topical term or geographic name as entry element Hand
General subdivision Radiography.
9 (RLIN) 9203
650 #0 - SUBJECT ADDED ENTRY--TOPICAL TERM
Topical term or geographic name as entry element Wrist
General subdivision Radiography.
9 (RLIN) 9204
650 #0 - SUBJECT ADDED ENTRY--TOPICAL TERM
Topical term or geographic name as entry element Hand
General subdivision Radiography
Form subdivision Atlases.
9 (RLIN) 9205
650 #0 - SUBJECT ADDED ENTRY--TOPICAL TERM
Topical term or geographic name as entry element Wrist
General subdivision Radiography
Form subdivision Atlases.
9 (RLIN) 9206
700 1# - ADDED ENTRY--PERSONAL NAME
Personal name Peh, Wilfred C. G.,
Dates associated with a name 1958-
9 (RLIN) 9207
700 1# - ADDED ENTRY--PERSONAL NAME
Personal name Cammisa, M.
Fuller form of name (Mario)
9 (RLIN) 9208
740 0# - ADDED ENTRY--UNCONTROLLED RELATED/ANALYTICAL TITLE
Uncontrolled related/analytical title SpringerLink (E-books)
776 08 - ADDITIONAL PHYSICAL FORM ENTRY
Display text Print version:
Main entry heading Guglielmi, G. (Giuseppe), 1957-
Title High-resolution radiographs of the hand.
Place, publisher, and date of publication Berlin : Springer, c2009
International Standard Book Number 9783540794790
-- 3540794794
-- 9783540794806
-- 3540794808
Record control number (DLC) 2008928137
-- (OCoLC)298509046.
910 ## - USER-OPTION DATA (OCLC)
User-option data dl
942 ## - ADDED ENTRY ELEMENTS (KOHA)
Source of classification or shelving scheme Library of Congress Classification
Koha item type
948 ## - LOCAL PROCESSING INFORMATION (OCLC); SERIES PART DESIGNATOR (RLIN)
Series part designator, SPT (RLIN) .b11057828
Holdings
Withdrawn status Lost status Source of classification or shelving scheme Damaged status Home library Current library Shelving location Date acquired Total Checkouts Full call number Barcode Date last seen Copy number Price effective from Koha item type
    Library of Congress Classification   South SEED-LPDH College Library South SEED-LPDH College Library South SEED-LPDH College Section 08/10/2013   RC 920 .G942 2009 SSLC0152 05/15/2018 1 08/10/2013 Books

High-resolution radiographs of the hand:

APA

Guglielmi G., Peh W. C. G. & Cammisa M. (2009). High-resolution radiographs of the hand. Berlin: Springer.

Chicago

Guglielmi G, Peh Wilfred C G and Cammisa M. 2009. High-resolution radiographs of the hand. Berlin: Springer.

Harvard

Guglielmi G., Peh W. C. G. and Cammisa M. (2009). High-resolution radiographs of the hand. Berlin: Springer.

MLA

Guglielmi G, Peh Wilfred C G and Cammisa M. High-resolution radiographs of the hand. Berlin: Springer. 2009.

  • Place hold
  • Print
  • Cite
  • Add to your cart (remove)
  • Save record
    BIBTEX Dublin Core MARCXML MARC (non-Unicode/MARC-8) MARC (Unicode/UTF-8) MARC (Unicode/UTF-8, Standard) MODS (XML) RIS
  • More searches
    Search for this title in:
    Other Libraries (WorldCat) Other Databases (Google Scholar) Online Stores (Bookfinder.com) Open Library (openlibrary.org)

Exporting to Dublin Core...

SOUTHVILLE LIBRARY

Southville International School and Colleges Library

1281 Tropical Ave. Cor. Luxembourg St., BF Homes International, Las Pinas City

Tel. No. 8256374 / 252358 Loc. 117/146

Powered by Koha